| 000 | 00000nam 2200000zi 4500 |
| 001 | 9.931450 |
| 003 | CaOODSP |
| 005 | 20240125154903 |
| 006 | m o d f |
| 007 | cr |n||||||||| |
| 008 | 231213s2015 onc ob f000 0 eng d |
| 040 | |aCaOODSP|beng|erda|cCaOODSP |
| 043 | |an-cn--- |
| 086 | 1 |aNG21-23/2015E-PDF |
| 245 | 00|aGovernance policy. |
| 246 | 37|aNGC governance policy |
| 264 | 1|a[Ottawa] : |bNational Gallery of Canada = Musée des beaux-arts du Canada, |c[2015] |
| 300 | |a1 online resource (11 pages) |
| 336 | |atext|btxt|2rdacontent |
| 337 | |acomputer|bc|2rdamedia |
| 338 | |aonline resource|bcr|2rdacarrier |
| 500 | |aCover title. |
| 500 | |a"This policy was approved by the Board of Trustees on December 8, 2015"--cover page. |
| 500 | |aIssued also in French under title: Politique sur la gouvernance. |
| 504 | |aIncludes bibliographical references (page 11). |
| 610 | 20|aNational Gallery of Canada|xManagement. |
| 650 | 0|aCorporate governance|zCanada. |
| 710 | 2 |aNational Gallery of Canada, |eissuing body. |
| 775 | 08|tPolitique sur la gouvernance.|w(CaOODSP)9.931451 |
| 856 | 40|qPDF|s406 KB|uhttps://publications.gc.ca/collections/collection_2023/mbac-ngc/NG21-23-2015-eng.pdf |